LEADER 01028nam0-2200349li-450 001 990000253520203316 005 20180312154723.0 010 $a0-226-87033-2 035 $a0025352 035 $aUSA010025352 035 $a(ALEPH)000025352USA01 035 $a0025352 100 $a20001109d1989----km-y0itay0103----ba 101 0 $aeng 102 $aUS 200 1 $aGeneral relativity$fRobert M. Wald 210 $aChicago ; London$cThe University of Chicago Press$dcopyr. 1989 215 $aXIII, 491 p.$cill.$d24 cm 610 1 $arelativita' generale 676 $a53011$9Teoria della relativita' 700 1$aWald,$bRobert M.$040410 801 $aSistema bibliotecario di Ateneo dell' Università di Salerno$gRICA 912 $a990000253520203316 951 $a530.11 WAL$b0011622 959 $aBK 969 $aSCI 979 $c19900403 979 $c20001110$lUSA01$h1715 979 $c20020403$lUSA01$h1633 979 $aPATRY$b90$c20040406$lUSA01$h1618 996 $aGeneral relativity$9187292 997 $aUNISA LEADER 01074nam 2200313Ia 450 001 996394713003316 005 20221108073254.0 035 $a(CKB)3810000000006478 035 $a(EEBO)2264207616 035 $a(OCoLC)12691246 035 $a(EXLCZ)993810000000006478 100 $a19851018d1697 uy | 101 0 $aeng 135 $aurbn||||a|bb| 200 10$aBoadicea, Queen of Britain$b[electronic resource] $ea tragedy, as it is acted by His Majesty's servants at the Theatre in Lincolns-Inn-Fields /$fwritten by Mr. Charles Hopkins 210 $aLondon $cPrinted for Jacob Tonson ...$d1697 215 $a[8], 56 p 300 $aReproduction of original in University of Michigan Libraries. 300 $aBound with H2726 and H2723. All items have special t.p. and seperate pagination. 330 $aeebo-0171 700 $aHopkins$b Charles$f1664?-1700?$01002614 801 0$bEAA 801 1$bEAA 801 2$bm/c 801 2$bWaOLN 906 $aBOOK 912 $a996394713003316 996 $aBoadicea, Queen of Britain$92369631 997 $aUNISA